Финансовый кризис в России: поведение нерезидентов: Научный доклад №2К/12

Бібліографічні деталі
Автор: Медведев А. Н. Алексей Николаевич
Інші автори: Колодяжный Г. В. Георгий Владимирович
Резюме:Исключено из фонда НТБ ТПУ
Мова:Російська
Опубліковано: Москва, EERC, 2002
Серія:Научные доклады
Формат: Книга
KOHA link:https://koha.lib.tpu.ru/cgi-bin/koha/opac-detail.pl?biblionumber=42342

MARC

LEADER 00000nam0a2200000 4500
001 42342
005 20231031015332.0
035 |a (RuTPU)RU\TPU\book\43596 
090 |a 42342 
100 |a 20020830d2002 k y0rusy50 ca 
101 0 |a rus 
102 |a RU 
105 |a a z 001zy 
200 1 |a Финансовый кризис в России: поведение нерезидентов  |e Научный доклад №2К/12  |f А. Н. Медведев, Г. В. Колодяжный 
210 |a Москва  |c EERC  |d 2002 
215 |a 57 с.  |c ил. 
225 1 |a Научные доклады 
320 |a Библиогр.: с. 57. 
333 |a Исключено из фонда НТБ ТПУ 
700 1 |a Медведев  |b А. Н.  |g Алексей Николаевич 
701 1 |a Колодяжный  |b Г. В.  |g Георгий Владимирович 
801 1 |a RU  |b 63413507  |c 20020830  |g PSBO 
801 2 |a RU  |b 63413507  |c 20120618  |g PSBO 
942 |c BK